000 01183cam a2200205 4500
001 WB3918-09
008 030514n2003 000 0 eng u
035 _a(Sirsi) u122262
245 _aNew SSSI code of guidance
260 _c2003
490 _aDEFRA News Release
_v8 May 2003 (2)
520 _aDEFRA has published a new code of guidance on the protection and management of Sites of Special Scientific Interest (SSSIs) taking into account new measures introduced under the Countryside and Rights of Way Act 2000. "Sites of special scientific interest: encouraging positive partnerships" explains how the law protects SSSIs and puts emphasis on productive partnerships between English Nature and landowners or managers to ensure the conservation of SSSIs. Code of guidance at www.defra.gov.uk/wildlife-countryside/ewd/sssi/sssi-code.pdf. www.defra.gov.uk/news/2003/030508d.htm
590 _aWB
650 _aSITES OF SPECIAL SCIENTIFIC INTEREST
650 _aNATURE CONSERVATION
650 _aCOUNTRYSIDE AND RIGHTS OF WAY ACT 2000
650 _aSITES OF SPECIAL SCIENTIFIC INTEREST
690 _aENVIRONMENTAL AND LAND CONSULTANCY-ENVIRONMENTAL MANAGEMENT
942 _n0
999 _c72663
_d72663